[Event "Challenge"]
[Site "http://www.queenalice.com/game.php?id=1198393"]
[Date "2013.7.9"]
[Round "-"]
[White "lusobrpe"]
[Black "Be"]
[Result "0-1"]
[WhiteElo "1558"]
[BlackElo "1908"]

1. e4 a6 2. d4 d5 3. exd5 Qxd5 4. c4 Qe4+ 5. Ne2 Bf5 6. Nd2 Qd3 7. Ng3 Qxd4 8.
Be2 Bd7 9. O-O Nc6 10. Nb3 Qxd1 11. Rxd1 O-O-O 12. Nc5 e5 13. Nxd7 Nd4 14. Nxe5
Nxe2+ 15. Kf1 Nxg3+ 16. Ke1 Bb4+ 17. Bd2 Bxd2+ 18. Rxd2 Rxd2 19. hxg3 Rd7 20.
Nxd7 Kxd7 21. Rd1+ Kc8 22. f4 Nh6 23. b4 Re8+ 24. Kf1 Ng4 25. Rd3 Nh2+ 26. Kg1
Ng4 27. Rd1 f5 28. a3 Re4 29. c5 c6 30. Rf1 Re2 31. a4 Rb2 32. b5 axb5 33. a5 b4
34. Rf3 b3 35. Kf1 Nh2+ 36. Ke1 Nxf3+ 37. Kf1 Nh2+ 38. Kg1 Ng4 39. Kf1 Rf2+ 40.
Kg1 b2 41. a6 b1=R# 0-1

[Event "Challenge"]
[Site "http://www.queenalice.com/game.php?id=1198604"]
[Date "2013.7.10"]
[Round "-"]
[White "lusobrpe"]
[Black "joseluisgrilo"]
[Result "0-1"]
[WhiteElo "1583"]
[BlackElo "1790"]

1. e4 e5 2. d4 exd4 3. Qxd4 Nc6 4. Qc3 Bb4 5. Qxb4 Nxb4 6. Na3 d5 7. exd5 Qxd5
8. Bc4 Nxc2+ 9. Nxc2 Qxc4 10. Ne3 Qb4+ 11. Kd1 Be6 12. b3 Qc3 13. Nc2 O-O-O+ 14.
Ke2 Qxc2+ 15. Kf3 Bd5+ 16. Kg3 Qc3+ 17. Be3 Qxa1 18. f4 Qxa2 19. Bf2 Qxb3+ 20.
Kh4 Bxg2 21. Bxa7 Bxh1 22. Bd4 Rxd4 23. Ne2 Re4 24. Nc1 Rxf4+ 25. Kg5 Ra4 26.
Nxb3 h6+ 27. Kh5 g6# 0-1

[Event "Challenge"]
[Site "http://www.queenalice.com/game.php?id=1200889"]
[Date "2013.7.18"]
[Round "-"]
[White "lusobrpe"]
[Black "PedroBritto"]
[Result "1-0"]
[WhiteElo "1510"]
[BlackElo "1550"]

1. e4 e5 2. d4 exd4 3. Qxd4 d6 4. Nf3 Nf6 5. e5 Nfd7 6. exd6 cxd6 7. Bb5 Qa5+ 8.
Nc3 a6 9. b4 Qc7 10. Bxd7+ Nxd7 11. O-O Nf6 12. b5 d5 13. Nxd5 Nxd5 14. c4 Nf6
15. Bf4 Qd7 16. Qxd7+ Bxd7 17. bxa6 Rxa6 18. Rae1+ Be7 19. Re2 O-O 20. Rxe7 Rxa2
21. Ne5 Re2 22. Rxd7 Nxd7 23. Nxd7 Rfe8 24. h4 R2e4 25. Bg3 Rxc4 26. Rb1 f6 27.
h5 Re7 28. Rxb7 Re1+ 29. Kh2 f5 30. Ne5 Rcc1 31. Rb8+ Rc8 32. Rxc8# 1-0

[Event "Paz e Bem"]
[Site "http://www.queenalice.com/game.php?id=1201295"]
[Date "2013.7.20"]
[Round "-"]
[White "ztnilz"]
[Black "lusobrpe"]
[Result "1-0"]
[WhiteElo "1896"]
[BlackElo "1512"]

1. e4 e5 2. Nf3 Nc6 3. c3 Nf6 4. d4 d5 5. exd5 Qxd5 6. c4 Bb4+ 7. Nc3 Bxc3+ 8.
bxc3 Qe4+ 9. Be2 exd4 10. cxd4 Nxd4 11. Qxd4 Qxd4 12. Nxd4 O-O 13. O-O Bg4 14.
Bxg4 Nxg4 15. Bb2 c5 16. Nf5 f6 17. Rfe1 g6 18. Ne3 Nxe3 19. Rxe3 Rad8 20. Re7
Rf7 21. Rxf7 Kh8 22. Bxf6+ Kg8 23. Rxb7 h5 24. Rxa7 Rf8 25. Be7 Rf7 26. Re1 Kg7
27. Bxc5 Rxa7 28. Bxa7 Kh6 29. h4 Kg7 30. Re6 Kh7 31. Re7+ Kg8 32. a4 Kf8 33.
Bc5 g5 34. a5 gxh4 35. a6 h3 36. a7 h2+ 37. Kxh2 1-0

[Event "Força de Vontade"]
[Site "http://www.queenalice.com/game.php?id=1201296"]
[Date "2013.7.20"]
[Round "-"]
[White "lusobrpe"]
[Black "ztnilz"]
[Result "0-1"]
[WhiteElo "1556"]
[BlackElo "1878"]

1. e4 c5 2. c4 Nc6 3. Nf3 e5 4. Nc3 Nf6 5. d3 a6 6. Bg5 Be7 7. Bxf6 Bxf6 8. a3
O-O 9. b4 cxb4 10. axb4 Nxb4 11. Ra4 a5 12. d4 exd4 13. Nxd4 d6 14. Be2 Qb6 15.
Ncb5 Rd8 16. O-O Bd7 17. Ra3 Bxd4 18. Nxd4 Qa7 19. Nb5 Bxb5 20. cxb5 b6 21. Ra4
Qe7 22. Qb1 d5 23. Bf3 d4 24. Rd1 Rac8 25. h3 d3 26. Bg4 Rc2 27. f3 Qc5+ 28. Kh1
Qf2 29. Ra3 Qxg2# 0-1

[Event ":)))"]
[Site "http://www.queenalice.com/game.php?id=1202330"]
[Date "2013.7.24"]
[Round "-"]
[White "Mr_SPOCK"]
[Black "lusobrpe"]
[Result "0-1"]
[WhiteElo "1681"]
[BlackElo "1546"]

1. e4 e5 2. Nf3 Nc6 3. Nc3 Nf6 4. Bc4 Bc5 5. O-O O-O 6. Nd5 Nxe4 7. d4 exd4 8.
Qd3 Re8 9. Nf4 Nb4 10. Qb3 Re7 11. Ng5 Nd6 12. Bxf7+ Nxf7 13. Bd2 h6 14. Nxf7
Rxf7 15. c3 dxc3 16. Bxc3 Nc6 17. Nh5 Kh7 18. Qc2+ Kg8 19. Qg6 Bd4 20. Bxd4 Nxd4
21. Rae1 Ne6 22. Re3 Qg5 23. Qxg5 hxg5 24. g4 Nf4 25. Re8+ Rf8 26. Rxf8+ Kxf8
27. Ng3 d5 28. f3 d4 29. Rd1 c5 30. Ne4 Ne6 31. h4 gxh4 32. Kh2 Nf4 33. Rc1 b6
34. Rh1 d3 35. Rd1 Be6 36. Ng5 Bxa2 37. Rd2 Re8 38. Kg1 h3 39. Kh2 Re2+ 40. Rxe2
dxe2 41. Kg3 h2 42. Kxh2 e1=Q 43. Nh3 Nxh3 44. Kxh3 g5 45. Kg2 Bc4 46. b4 Qf1+
47. Kg3 Qg1+ 48. Kh3 Bf1# 0-1

[Event ";)"]
[Site "http://www.queenalice.com/game.php?id=1204432"]
[Date "2013.8.1"]
[Round "-"]
[White "lusobrpe"]
[Black "Mr_SPOCK"]
[Result "0-1"]
[WhiteElo "1587"]
[BlackElo "1543"]

1. e4 e5 2. Nf3 Nc6 3. d4 exd4 4. Nxd4 Ne5 5. Qh5 d6 6. Bg5 Be7 7. Bxe7 Nxe7 8.
Nf3 Bg4 9. Qg5 Bxf3 10. Qxg7 N7g6 11. gxf3 Qg5 12. Nc3 Nxf3+ 13. Ke2 Nf4+ 14.
Kxf3 Qxg7 15. Kxf4 Qe5+ 16. Ke3 f5 17. f4 Qc5+ 18. Kf3 Qc6 19. Re1 O-O-O 20. a4
a5 21. Bh3 Rhf8 22. Kf2 d5 23. Bxf5+ Kb8 24. Bxh7 Rxf4+ 25. Kg3 Qh6 26. Bf5 Rg8+
27. Bg4 Rgxg4# 0-1

[Event "AUTO-INT-2561"]
[Site "http://www.queenalice.com/game.php?id=1204743"]
[Date "2013.8.2"]
[Round "2"]
[White "zemaria"]
[Black "lusobrpe"]
[Result "0-1"]
[WhiteElo "1622"]
[BlackElo "1567"]

1. e4 e5 2. d4 d5 3. Bd3 exd4 4. e5 Qe7 5. Bf4 Nh6 6. h3 Qb4+ 7. Nd2 Qxb2 8. e6
Bb4 9. Rb1 Bxd2+ 10. Bxd2 Qxa2 11. exf7+ Nxf7 12. Ne2 c5 13. c3 c4 14. Nxd4 cxd3
15. Nb5 Qc4 16. Bf4 Qxf4 17. Qxd3 Bf5 18. Qe2+ Qe4 19. Qxe4+ Bxe4 20. Rb2 Na6
21. O-O O-O 22. Nd4 b6 23. Re1 Nc5 24. Ra2 a5 25. f3 Bd3 26. Raa1 Ng5 27. f4
Rxf4 28. Re7 Nge4 29. Ne6 Nxe6 30. Rb7 Raf8 31. Re1 Rf1+ 32. Rxf1 Rxf1+ 33. Kh2
b5 34. Re7 Nf4 35. Ra7 a4 0-1

[Event "AUTO-INT-2561"]
[Site "http://www.queenalice.com/game.php?id=1204747"]
[Date "2013.8.2"]
[Round "2"]
[White "brunooliveira"]
[Black "lusobrpe"]
[Result "0-1"]
[WhiteElo "1719"]
[BlackElo "1543"]

1. e4 e5 2. Nf3 Nc6 3. Bb5 Nf6 4. O-O Nxe4 5. Bxc6 bxc6 6. Re1 d5 7. Nxe5 Qh4 8.
g3 Qf6 9. Nf3 Bg4 10. d3 Bxf3 11. Rxe4+ dxe4 12. Qe1 Qe6 13. Nc3 Qh3 14. Qf1
Qxf1+ 15. Kxf1 exd3 16. cxd3 O-O-O 17. Be3 Kb7 18. d4 h6 19. Rc1 g5 20. h3 f6
21. Ne2 f5 22. Ng1 Bd6 23. Nxf3 g4 24. hxg4 fxg4 25. Nh4 h5 26. Nf5 a5 0-1

[Event "AUTO-INT-2561"]
[Site "http://www.queenalice.com/game.php?id=1204748"]
[Date "2013.8.2"]
[Round "2"]
[White "lusobrpe"]
[Black "brunooliveira"]
[Result "1-0"]
[WhiteElo "1566"]
[BlackElo "1696"]

1. e4 e6 2. d4 d5 3. e5 c5 4. Nf3 Qb6 5. b3 Nd7 6. Ba3 cxd4 7. Bxf8 Nxf8 8. Nxd4
Ng6 9. Bb5+ Bd7 10. Bxd7+ Kxd7 11. Nf3 Qb4+ 12. Nbd2 N8e7 13. O-O Nc6 14. Re1
Rhc8 15. a3 Qb6 16. Ng5 Ncxe5 17. c4 Ke7 18. cxd5 h6 19. d6+ Qxd6 20. Nge4 Qb6
21. b4 Kf8 22. Rc1 Rxc1 23. Qxc1 Nd3 24. Qa1 Nxe1 25. Qxe1 Rd8 26. Nc4 1-0

[Event "Challenge"]
[Site "http://www.queenalice.com/game.php?id=1208235"]
[Date "2013.8.14"]
[Round "-"]
[White "lusobrpe"]
[Black "Be"]
[Result "0-1"]
[WhiteElo "1545"]
[BlackElo "1898"]

1. e4 e5 2. Nf3 d6 3. Nc3 c6 4. d4 Bg4 5. Be2 Bxf3 6. Bxf3 exd4 7. Qxd4 Na6 8.
O-O b5 9. b4 Nc7 10. e5 d5 11. a4 Ne6 12. Qd3 Bxb4 13. axb5 Bxc3 14. Qxc3 cxb5
15. Qc6+ Kf8 16. Ba3+ Ne7 17. Qxb5 Kg8 18. Bxe7 Qxe7 19. Bxd5 Rd8 20. Bxe6 fxe6
21. c4 Kf7 22. c5 Rd5 23. Rfc1 Rhd8 24. h3 Rxe5 25. f4 Rf5 26. g3 Rfd5 27. Kf2
e5 28. Rc4 Rd2+ 29. Ke1 exf4+ 30. Kf1 Qe2+ 31. Kg1 Qg2# 0-1

[Event "Challenge"]
[Site "http://www.queenalice.com/game.php?id=1220191"]
[Date "2013.9.26"]
[Round "-"]
[White "PedroBritto"]
[Black "lusobrpe"]
[Result "0-1"]
[WhiteElo "1596"]
[BlackElo "1528"]

1. e4 e5 2. Nf3 Nc6 3. Bb5 a6 4. Ba4 b5 5. Bb3 Bc5 6. d3 d6 7. Ng5 Nh6 8. Qf3 f6
9. Qh5+ g6 10. Qxh6 fxg5 11. Qg7 Rf8 12. Qxh7 Bxf2+ 13. Ke2 Bg4+ 14. Kd2 Qf6 15.
Qxc7 Qf4+ 16. Kc3 Bd4# 0-1

[Event "Challenge"]
[Site "http://www.queenalice.com/game.php?id=1220589"]
[Date "2013.9.28"]
[Round "-"]
[White "Herbert_Paulo"]
[Black "lusobrpe"]
[Result "1-0"]
[WhiteElo "1893"]
[BlackElo "1547"]

1. e4 e5 2. f4 f6 3. Bc4 Ne7 4. fxe5 fxe5 5. Nf3 Ng6 6. O-O Nc6 7. d4 exd4 8.
Nxd4 Nce5 9. Qe2 Bc5 10. Be3 Nxc4 11. Qxc4 Ne5 12. Qxc5 d6 13. Qc3 c5 14. Nf5
Bxf5 15. Rxf5 Qc7 16. Bg5 h6 17. Bf4 Nf7 18. Qxg7 1-0

[Event "Challenge"]
[Site "http://www.queenalice.com/game.php?id=1223495"]
[Date "2013.10.10"]
[Round "-"]
[White "Leide_Cezar"]
[Black "lusobrpe"]
[Result "1-0"]
[WhiteElo "1391"]
[BlackElo "1569"]

1. Nf3 Nc6 2. d4 d5 3. e3 Nf6 4. Ne5 e6 5. Nxc6 bxc6 6. c3 Rb8 7. Qa4 Bb7 8. Ba6
Qd6 9. b4 Bxa6 10. Qxa6 Ra8 11. Qb7 Qd8 12. Qxc6+ Nd7 13. O-O a5 14. b5 Bd6 15.
a4 O-O 16. Bd2 Qh4 17. f4 g5 18. Be1 Qh5 19. Qxd7 Qe2 20. Na3 Qxe3+ 21. Rf2 Bxf4
22. Nc2 Qe4 23. b6 cxb6 24. Qb5 Rab8 25. Qe2 Qxe2 26. Rxe2 Rbc8 27. g3 Bd6 28.
Na3 Bxa3 29. Rxa3 h5 30. h4 g4 31. Re5 Kh7 32. Rxh5+ Kg6 33. Rg5+ Kh6 34. Rxg4
f5 35. Rf4 Kg6 36. Rb3 Rb8 37. Kh2 Rf6 38. Bd2 Rb7 39. Rf2 Kf7 40. Bg5 Rg6 41.
g4 Kg7 42. gxf5 exf5 43. Rxf5 Rd6 44. Bf4 Rdd7 45. Be5+ Kg6 46. Rf6+ Kh7 47. h5
Rg7 48. Rb2 Rg5 49. Rbxb6 Rxh5+ 50. Kg3 Rg7+ 51. Kf3 Rh3+ 52. Kf4 Rh4+ 53. Kf5
Rgg4 54. Rf7+ Kg8 55. Rc7 Rg7 56. Bxg7 Rh5+ 57. Kg4 Rh1 58. Rb8+ Kh7 59. Be5+
Kh6 60. Rb6# 1-0

[Event "Challenge"]
[Site "http://www.queenalice.com/game.php?id=1226551"]
[Date "2013.10.23"]
[Round "-"]
[White "lusobrpe"]
[Black "Be"]
[Result "0-1"]
[WhiteElo "1585"]
[BlackElo "1902"]

1. e4 g6 2. Nf3 d5 3. exd5 Qxd5 4. Nc3 Qe6+ 5. Be2 Bd7 6. O-O Bh6 7. d4 Bxc1 8.
Rxc1 f6 9. d5 Qb6 10. b3 g5 11. Nd4 g4 12. Na4 Qd6 13. c4 h5 14. Qd3 Rh6 15. Nf5
Bxf5 16. c5 Bxd3 17. cxd6 Bxe2 18. dxc7 Nc6 19. dxc6 b5 20. Rfe1 bxa4 21. Rxe2
a3 22. b4 f5 23. b5 Rd6 24. h3 Nf6 25. Rce1 Ng8 26. Rb1 Rc8 27. b6 axb6 28. Rxb6
Rxc7 29. Rc2 Rd3 30. Rb8+ Rd8 31. Rxd8+ Kxd8 32. h4 e5 33. g3 Ne7 34. Rc3 Ra7
35. Kf1 Kc7 36. Ke2 Nxc6 37. Rc5 Ra4 38. Kd3 Kd6 39. Rc4 Nb4+ 40. Kd2 Kd5 41.
Rc1 Nxa2 42. Rd1 Kc4 43. Kc2 Nb4+ 44. Kb1 a2+ 45. Kb2 Nc2 46. Rc1 a1=Q+ 47. Rxa1
Nxa1 48. Kc1 Kc3 49. Kd1 Re4 50. f3 gxf3 51. g4 f2 52. gxf5 Re1# 0-1

[Event ":))"]
[Site "http://www.queenalice.com/game.php?id=1228442"]
[Date "2013.10.30"]
[Round "-"]
[White "Mr_SPOCK"]
[Black "lusobrpe"]
[Result "1-0"]
[WhiteElo "1709"]
[BlackElo "1582"]

1. e4 e5 2. Nc3 Nc6 3. Bc4 Nf6 4. Nf3 Bc5 5. O-O O-O 6. d3 Ng4 7. Bg5 Qe8 8. Nh4
d6 9. Nd5 Qd7 10. Nf5 Bxf2+ 11. Rxf2 Nxf2 12. Kxf2 Qe8 13. Qg4 Bxf5 14. exf5 e4
15. dxe4 Ne5 16. Qe2 h6 17. Ne7+ Kh8 18. Qh5 Qa4 19. f6 Qxc2+ 20. Be2 Nd3+ 21.
Ke3 Qc5+ 22. Kd2 Qxg5+ 23. Qxg5 hxg5 24. fxg7+ Kxg7 25. Nf5+ Kf6 26. Bxd3 a6 27.
Rf1 Ke5 28. h4 gxh4 29. Nxh4 b5 30. Rf5+ Ke6 31. Rh5 c5 32. Nf5 Rg8 33. Bf1 Kd7
34. Rh6 Rg6 35. Rxg6 fxg6 36. Ng3 Rf8 37. Kc3 a5 38. Bxb5+ Kc7 39. a3 Kb6 40. a4
g5 41. Kc4 Rf4 42. Kd5 Rg4 43. Nf5 Rxg2 44. Nxd6 Rd2+ 45. Ke6 g4 46. Nc4+ 1-0